Biochemistry of carbohydrates (Record no. 24511)

MARC details
000 -LEADER
fixed length control field 00537nam a2200193Ia 4500
082 ## - DEWEY DECIMAL CLASSIFICATION NUMBER
Classification number 577.1+577.114
Item number BIO.5
100 ## - MAIN ENTRY--AUTHOR NAME
Personal name WHELAN, W J
245 #0 - TITLE STATEMENT
Title Biochemistry of carbohydrates
260 ## - PUBLICATION, DISTRIBUTION, ETC. (IMPRINT)
Place of publication London
Name of publisher Butterworth
Year of publication 1975
490 ## - SERIES STATEMENT
Series statement Biochemistry series one. V 5
505 ## - FORMATTED CONTENTS NOTE
Formatted contents note MTP International review of science
650 ## - SUBJECT ADDED ENTRY--TOPICAL TERM
Topical Term Carbohydrate metabolism
650 ## - SUBJECT ADDED ENTRY--TOPICAL TERM
Topical Term Glycogen metabolism
650 ## - SUBJECT ADDED ENTRY--TOPICAL TERM
Topical Term Proteoglycan
650 ## - SUBJECT ADDED ENTRY--TOPICAL TERM
Topical Term Starch
650 ## - SUBJECT ADDED ENTRY--TOPICAL TERM
Topical Term Stereochemistry
942 ## - ADDED ENTRY ELEMENTS (KOHA)
Koha item type Books
Holdings
Withdrawn status Lost status Damaged status Not for loan Home library Current library Date acquired Full call number Accession Number Koha item type
        RRII Library RRII Library 16/12/2021 577.1+577.114 BIO.5 05192 Books